=LDR 00000nam 2200000 4500 =001 INLIS000000000058826 =005 20211012011702 =035 ##$$a 0010-1021000274 =007 ta =008 211012###########################0#ind## =020 ##$$a 978-602-95337-6-7 =082 ##$$a 355.31 =084 ##$$a 355.31 Far g =245 1#$$a Gurkha Pejuang dari Atap Dunia /$c Fajar Kurniawan =250 ##$$a cet 2 =300 ##$$a 137 halaman : $b ilustrasi ; $c 20 cm =650 #4$$a Tentara Gurkha - sejarah =264 ##$$a yogyakarta :$b Mata Padi Presindo,$c 2017 =336 ##$$a teks$2 rdacontent =337 ##$$a lain-lain$2 rdamedia =338 ##$$a lain-lain$2 rdacarrier =990 ##$$a 18211821 =990 ##$$a 18211821